| 000 | 00496nam a2200181Ia 4500 | ||
|---|---|---|---|
| 003 | GCL | ||
| 008 | 140319s9999 xx 000 0 eng d | ||
| 040 |
_aGCL / _cGCL |
||
| 082 | 0 | 4 |
_a001.42 _bV R |
| 100 | 1 | _aVEAL, A. J. | |
| 245 | 1 | 0 |
_aRESEARCH METHODS FOR LEISURE AND TOURISM: A PRACTICAL GUIDE / _cVEAL, A. J. |
| 700 | 1 | _aDUFFIELD, BRIAN | |
| 260 |
_a[S.N] : _bLONGMAN GROUP UK LIMITED ، _c1992 |
||
| 300 | _a227 P | ||
| 650 | 0 | 4 | _aTOURISM |
| 650 | 0 | 4 | _aRESEARCH METHODS |
| 942 |
_2ddc _cBK |
||
| 999 |
_c21772 _d21772 |
||